| 000 | 00332nam a2200145Ia 4500 | ||
|---|---|---|---|
| 999 |
_c9810 _d9810 |
||
| 003 | OSt | ||
| 005 | 20220307123803.0 | ||
| 008 | 220112s9999||||xx |||||||||||||| ||und|| | ||
| 020 | _a9788126514649 | ||
| 082 |
_a720 _bSAD |
||
| 100 | _aSadasivam Sudha | ||
| 245 | 0 | _aDistributed component Architectutre | |
| 260 | _bwiley | ||
| 942 | _2ddc | ||